[Event "Ricany op-A"]
[Site "Ricany"]
[Date "2014.08.30"]
[Round "9"]
[White "Hanl, Frantisek"]
[Black "Franek, Jan"]
[Result "0-1"]
[WhiteElo "1972"]
[BlackElo "1921"]
[PlyCount "36"]
[EventDate "2014.08.23"]
[EventType "swiss"]
[EventRounds "9"]
[EventCountry "CZE"]
[SourceTitle "EXT 2015"]
[Source "ChessBase"]
[SourceDate "2014.11.20"]
[SourceVersion "1"]
[SourceVersionDate "2014.11.20"]
[SourceQuality "1"]

1. e4 d5 2. exd5 Nf6 3. d4 Nxd5 4. c4 Nb6 5. Nc3 g6 6. Nf3 Bg7 7. Be3 Bf5 8. h3 Nc6 9. g4 Bc8 10. Qc2 h5 11. c5 Nd5 12. Nxd5 Qxd5 13. Bg2 hxg4 14. Nh4 Qe6 15. hxg4 Qxg4 16. Bf3 Qxf3 17. Nxf3 Rxh1+ 18. Ke2 Rxa1 0-1

[Event "Ricany op-A"]
[Site "Ricany"]
[Date "2014.08.27"]
[Round "6"]
[White "Franek, Jan"]
[Black "Kolasin, Jan"]
[Result "1-0"]
[WhiteElo "1921"]
[BlackElo "2008"]
[PlyCount "61"]
[EventDate "2014.08.23"]
[EventType "swiss"]
[EventRounds "9"]
[EventCountry "CZE"]
[SourceTitle "EXT 2015"]
[Source "ChessBase"]
[SourceDate "2014.11.20"]
[SourceVersion "1"]
[SourceVersionDate "2014.11.20"]
[SourceQuality "1"]

1. d4 Nf6 2. c4 g6 3. Nc3 Bg7 4. e4 d6 5. Nge2 0-0 6. Ng3 e5 7. d5 Nbd7 8. h4 h5 9. Be2 a5 10. Bg5 Nc5 11. Bxh5 gxh5 12. Nxh5 Kh8 13. Nxf6 Bxf6 14. Qh5+ Kg8 15. Kd2 Be7 16. Rag1 Re8 17. Rh3 Bxg5+ 18. hxg5 Bxh3 19. gxh3 Re7 20. f3 Qf8 21. Nd1 Qg7 22. Ne3 Rae8 23. g6 f6 24. Nf5 Qh8 25. Nh6+ Kg7 26. Nf5+ Kg8 27. Qg4 Rd8 28. h4 Red7 29. h5 Re7 30. h6 Na4 31. Nxe7+ 1-0

[Event "Ricany op-A"]
[Site "Ricany"]
[Date "2014.08.24"]
[Round "2"]
[White "Franek, Jan"]
[Black "Korsa, Jiri"]
[Result "1-0"]
[WhiteElo "1921"]
[BlackElo "1695"]
[PlyCount "101"]
[EventDate "2014.08.23"]
[EventType "swiss"]
[EventRounds "9"]
[EventCountry "CZE"]
[SourceTitle "EXT 2015"]
[Source "ChessBase"]
[SourceDate "2014.11.20"]
[SourceVersion "1"]
[SourceVersionDate "2014.11.20"]
[SourceQuality "1"]

1. d4 g6 2. e3 Bg7 3. Bd3 d6 4. f4 e5 5. Nf3 Nc6 6. c3 exf4 7. exf4 Nf6 8. 0-0 0-0 9. f5 Ne7 10. fxg6 fxg6 11. Bg5 Rb8 12. Nh4 Bg4 13. Qc2 Qd7 14. h3 Be6 15. Nd2 c5 16. Ndf3 c4 17. Be2 b5 18. Rae1 Nf5 19. Kh2 Nd5 20. Bd1 Rbe8 21. g4 Nxh4 22. Nxh4 Nb6 23. Qg2 Bd5 24. Qg3 Rxf1 25. Rxf1 Be4 26. Ng2 Bd3 27. Rf2 h6 28. Bd2 g5 29. Ne3 Rf8 30. Bf3 Na4 31. Bc1 Kh8 32. Bg2 Rxf2 33. Qxf2 Nb6 34. Nf5 Bxf5 35. gxf5 Bf6 36. Qf3 d5 37. h4 Kg7 38. Bh3 Qd6+ 39. Qg3 Qxg3+ 40. Kxg3 gxh4+ 41. Kg4 Kf7 42. Bxh6 Na4 43. Bg2 Nb6 44. Bf4 Bd8 45. Bf3 a5 46. Be5 b4 47. Kf4 bxc3 48. bxc3 Ke8 49. f6 Kf7 50. Kf5 h3 51. Bh5+ 1-0

[Event "CZE-chT2C 1213"]
[Site "Czech Republic"]
[Date "2012.12.16"]
[Round "5.8"]
[White "Lauko, Marian"]
[Black "Franek, Jan"]
[Result "0-1"]
[WhiteElo "1914"]
[BlackElo "1976"]
[PlyCount "78"]
[EventDate "2012.10.14"]
[EventType "team-tourn"]
[EventRounds "11"]
[EventCountry "CZE"]
[SourceTitle "EXT 2015"]
[Source "ChessBase"]
[SourceDate "2014.11.20"]
[SourceVersion "1"]
[SourceVersionDate "2014.11.20"]
[SourceQuality "1"]
[WhiteTeam "Cesky Krumlov"]
[BlackTeam "Praha Bohemians II"]
[WhiteTeamCountry "CZE"]
[BlackTeamCountry "CZE"]

1. d4 Nf6 2. Nf3 g6 3. c4 Bg7 4. Nc3 d6 5. e4 0-0 6. Be2 e5 7. d5 a5 8. 0-0 Na6 9. h3 Nc5 10. Qc2 Ne8 11. Bg5 f6 12. Be3 b6 13. Nh2 f5 14. Bxc5 bxc5 15. f4 Rb8 16. exf5 Bxf5 17. Qd2 exf4 18. Bg4 Bd4+ 19. Kh1 Be3 20. Qe2 Ng7 21. Bf3 Re8 22. Nb5 Bd7 23. Bg4 h5 24. Bxd7 Qxd7 25. Rf3 Nf5 26. Qc2 Kh7 27. Nf1 Nh4 28. Rxe3 fxe3 29. Re1 Qf5 30. Qe2 Qf2 31. Nxc7 Rf8 32. Ne6 Qxe2 33. Nxf8+ Rxf8 34. Rxe2 Rxf1+ 35. Kh2 Nf5 36. g4 hxg4 37. hxg4 Rf2+ 38. Rxf2 exf2 39. Kg2 f1Q+ 0-1

[Event "Ricany op"]
[Site "Ricany"]
[Date "2012.08.26"]
[Round "2"]
[White "Rehorek, Martin"]
[Black "Franek, Jan"]
[Result "1-0"]
[WhiteElo "2310"]
[BlackElo "1979"]
[PlyCount "81"]
[EventDate "2012.08.26"]
[EventType "swiss"]
[EventRounds "9"]
[EventCountry "CZE"]
[SourceTitle "CBM 150 Extra"]
[Source "ChessBase"]
[SourceDate "2012.10.19"]
[SourceVersion "1"]
[SourceVersionDate "2012.10.19"]
[SourceQuality "1"]

1. Nf3 Nf6 2. c4 g6 3. b4 Bg7 4. Bb2 0-0 5. e3 d5 6. cxd5 Nxd5 7. Bxg7 Kxg7 8. Qb3 Qd6 9. a3 e5 10. Nc3 c6 11. Rc1 f5 12. Nxd5 cxd5 13. Qc3 Nd7 14. Bb5 Kf6 15. 0-0 a6 16. Bxd7 Bxd7 17. Qc7 Qxc7 18. Rxc7 Rf7 19. Rxb7 Bb5 20. Rb6+ Kg7 21. Rc1 e4 22. Ng5 Re7 23. Rc5 Bc4 24. h4 Raa7 25. Ne6+ Kf7 26. Ng5+ Kg7 27. a4 Rad7 28. Ne6+ Kf7 29. Ng5+ Kg7 30. a5 Bb5 31. h5 Kh6 32. Ne6 Kxh5 33. Nf4+ Kg5 34. Nxd5 Re5 35. Nc3 Rxc5 36. bxc5 Rxd2 37. Nxb5 axb5 38. Rxb5 Kf6 39. c6 Ke7 40. Rb7+ Kd8 41. a6 1-0

[Event "Prague op-B 10th"]
[Site "Prague"]
[Date "2011.01.14"]
[Round "9"]
[White "Istel, Oldrich"]
[Black "Franek, Jan"]
[Result "0-1"]
[WhiteElo "1701"]
[BlackElo "1839"]
[PlyCount "52"]
[EventDate "2011.01.07"]
[EventType "swiss"]
[EventRounds "9"]
[EventCountry "CZE"]
[SourceTitle "CBM 140 Extra"]
[Source "ChessBase"]
[SourceDate "2011.03.01"]
[SourceVersion "1"]
[SourceVersionDate "2011.03.01"]
[SourceQuality "1"]

1. Nf3 f5 2. b3 e6 3. Bb2 d5 4. e3 Nf6 5. c4 c6 6. Be2 Bd6 7. Na3 0-0 8. Nc2 Nbd7 9. Ncd4 Nc5 10. d3 Qa5+ 11. Nd2 e5 12. Nc2 Ne6 13. 0-0 e4 14. f3 Qc7 15. fxe4 Bxh2+ 16. Kh1 dxe4 17. dxe4 Nxe4 18. Nxe4 fxe4 19. Rxf8+ Nxf8 20. Bg4 Be5 21. Nd4 Qd6 22. Rb1 Qh6+ 23. Bh5 Bxd4 24. Qxd4 Qxh5+ 25. Kg1 Qg6 26. Qd8 Bh3 0-1

[Event "CZE Czechia-ch U14"]
[Site "Harrachov"]
[Date "2009.10.27"]
[Round "5"]
[White "Kopriva, Martin"]
[Black "Franek, Jan"]
[Result "0-1"]
[WhiteElo "1463"]
[BlackElo "1750"]
[PlyCount "86"]
[EventDate "2009.10.24"]
[EventType "swiss"]
[EventRounds "9"]
[EventCountry "CZE"]
[SourceTitle "EXT 2012"]
[Source "ChessBase"]
[SourceDate "2011.11.24"]
[SourceVersion "1"]
[SourceVersionDate "2011.11.24"]
[SourceQuality "1"]

1. e4 e5 2. Nf3 Nc6 3. Nc3 g6 4. Bc4 Bg7 5. d3 d6 6. Bg5 f6 7. Be3 f5 8. Ng5 f4 9. Nf7 Qh4 10. Bd2 Bg4 11. Qc1 Nf6 12. Nxh8 Bxh8 13. 0-0 f3 14. Bb5 Bh3 15. g3 Qh5 16. Bxc6+ bxc6 17. Re1 Bg2 18. Nd1 Qh3 19. Ne3 Bf1 20. Qd1 Be2 21. Qxe2 fxe2 22. Rxe2 Ng4 23. Nxg4 Qxg4 24. Rae1 Kd7 25. Kg2 c5 26. h3 Qe6 27. b3 a5 28. a4 Bf6 29. f4 Rg8 30. Bxa5 exf4 31. Rf1 fxg3 32. Re3 Be5 33. Ref3 d5 34. Rf7+ Ke8 35. Rxh7 dxe4 36. dxe4 Rh8 37. Rxh8+ Bxh8 38. Kxg3 Qa6 39. Rf2 Qxa5 40. Kg4 Qe1 41. Kf3 Bd4 42. Rg2 Qf1+ 43. Kg3 Be5+ 0-1

[Event "CZE Czechia-ch U14"]
[Site "Harrachov"]
[Date "2009.10.25"]
[Round "2"]
[White "Franek, Jan"]
[Black "Vanicek, Vojtech"]
[Result "1-0"]
[WhiteElo "1750"]
[BlackElo "1482"]
[PlyCount "101"]
[EventDate "2009.10.24"]
[EventType "swiss"]
[EventRounds "9"]
[EventCountry "CZE"]
[SourceTitle "EXT 2012"]
[Source "ChessBase"]
[SourceDate "2011.11.24"]
[SourceVersion "1"]
[SourceVersionDate "2011.11.24"]
[SourceQuality "1"]

1. d4 d5 2. c4 e6 3. Nc3 Nf6 4. cxd5 Nxd5 5. e4 Nf6 6. Bg5 Be7 7. Nf3 0-0 8. Bc4 Nbd7 9. 0-0 Nb6 10. Bb3 h6 11. Bf4 c6 12. Qd3 Qd7 13. Bc2 c5 14. e5 c4 15. Qe3 Nfd5 16. Qe4 f5 17. exf6 Nxf6 18. Qg6 Qe8 19. Ne5 Bd6 20. Rad1 Nbd5 21. Nxd5 exd5 22. Rfe1 Qxg6 23. Nxg6 Bxf4 24. Ne7+ Kh8 25. Ng6+ Kg8 26. Nxf4 Ng4 27. Ng6 Rd8 28. b3 b5 29. Ne7+ Kf8 30. Bg6 Bb7 31. Bc2 a6 32. Ng6+ Kg8 33. Re7 Bc6 34. Rc7 Be8 35. Re1 Bxg6 36. Bxg6 Rd6 37. Bf5 Nf6 38. Ree7 Ne8 39. Rb7 Kh8 40. f3 Rad8 41. Kf2 Rf6 42. Bc2 Rfd6 43. Ke3 Kg8 44. Kd2 Rc6 45. h4 Rf6 46. h5 Kf8 47. Bg6 Nd6 48. Rbc7 Nf5 49. Rf7+ Kg8 50. Rxf6 gxf6 51. Bxf5 1-0

[Event "Le Touquet op-B 20th"]
[Site "Le Touquet"]
[Date "2005.10.26"]
[Round "5"]
[White "Franek, Jan"]
[Black "Jardine, Ludovic"]
[Result "0-1"]
[WhiteElo "1870"]
[BlackElo "1868"]
[PlyCount "106"]
[EventDate "2005.10.22"]
[EventType "swiss"]
[EventRounds "9"]
[EventCountry "FRA"]
[SourceTitle "EXT 2006"]
[Source "ChessBase"]
[SourceDate "2005.11.24"]
[SourceVersion "1"]
[SourceVersionDate "2005.11.24"]
[SourceQuality "1"]

1. d4 d5 2. Nf3 f5 3. Bf4 e6 4. e3 c6 5. Bd3 Nf6 6. h3 Be7 7. Nbd2 Nbd7 8. Ne5 Nxe5 9. Bxe5 0-0 10. Bxf6 Bxf6 11. Nf3 Qc7 12. g4 e5 13. g5 Bxg5 14. Nxe5 Bf6 15. Nf3 f4 16. e4 dxe4 17. Bxe4 Re8 18. Qd3 Bf5 19. Nd2 Qb6 20. 0-0 Bxe4 21. Nxe4 Qxd4 22. Nxf6+ Qxf6 23. Qb3+ Qf7 24. c4 f3 25. c5 Qxb3 26. axb3 Re5 27. b4 Re4 28. Ra4 a6 29. Kh2 Rf8 30. Kg3 Rff4 31. Rc1 Rxb4 32. Rxb4 Rxb4 33. Rc2 Rb3 34. Kf4 Kf7 35. Ke5 Kg6 36. Kd4 a5 37. Rc3 Rxc3 38. Kxc3 Kh5 39. Kb3 Kh4 40. Ka4 Kxh3 41. Kxa5 Kg2 42. Kb6 h5 43. Kxb7 h4 44. Kxc6 h3 45. Kb7 h2 46. c6 h1Q 47. c7 Qh8 48. b4 Kxf2 49. b5 Ke2 50. b6 f2 51. c8Q Qxc8+ 52. Kxc8 f1Q 53. b7 Qf4 0-1

[Event "Le Touquet op-B 20th"]
[Site "Le Touquet"]
[Date "2005.10.23"]
[Round "1"]
[White "Raux, Maxime"]
[Black "Franek, Jan"]
[Result "1-0"]
[WhiteElo "1440"]
[BlackElo "1110"]
[PlyCount "50"]
[EventDate "2005.10.22"]
[EventType "swiss"]
[EventRounds "9"]
[EventCountry "FRA"]
[SourceTitle "EXT 2006"]
[Source "ChessBase"]
[SourceDate "2005.11.24"]
[SourceVersion "1"]
[SourceVersionDate "2005.11.24"]
[SourceQuality "1"]

1. g3 e5 2. Bg2 Nc6 3. b3 Nf6 4. Bb2 d5 5. e3 d4 6. exd4 exd4 7. Ne2 Bg4 8. 0-0 Bb4 9. a3 d3 10. c3 dxe2 11. Re1 Be7 12. Qc2 Ne5 13. d4 Nf3+ 14. Bxf3 Bxf3 15. Nd2 Qd5 16. Nxf3 Qxf3 17. Qxe2 Qxe2 18. Rxe2 Nd5 19. c4 Nf6 20. Rae1 0-0-0 21. Rxe7 Rhe8 22. Rxe8 Rxe8 23. Rxe8+ Nxe8 24. d5 c6 25. dxc6 bxc6 1-0

[Event "Bethune op-B 23th"]
[Site "Bethune"]
[Date "2002.12.30"]
[Round "7"]
[White "Franek, Jan"]
[Black "Leroy, Patrick"]
[Result "0-1"]
[WhiteElo "1680"]
[BlackElo "1710"]
[PlyCount "80"]
[EventDate "2002.12.26"]
[EventType "swiss"]
[EventRounds "7"]
[EventCountry "FRA"]
[SourceTitle "CBM 091 Extra"]
[Source "ChessBase"]
[SourceDate "2003.01.09"]
[SourceVersion "1"]
[SourceVersionDate "2003.01.09"]
[SourceQuality "1"]

1. d4 d6 2. Nc3 g6 3. e4 Bg7 4. Be3 Nf6 5. Qd2 Ng4 6. Bf4 0-0 7. f3 e5 8. Bg5 Nf6 9. d5 Nbd7 10. Bh6 Nc5 11. Bxg7 Kxg7 12. g4 a6 13. Nge2 Qe7 14. Ng3 Bd7 15. h4 b5 16. Rg1 b4 17. Nd1 a5 18. Ne3 Na4 19. Qg2 Kh8 20. 0-0-0 Rab8 21. Bc4 Rb6 22. Bb3 Nc5 23. Nc4 Nxb3+ 24. cxb3 Ra6 25. a4 bxa3 26. bxa3 c6 27. Qe2 cxd5 28. exd5 Rc8 29. Kb2 Bb5 30. Ka2 a4 31. Rc1 axb3+ 32. Kxb3 Qb7 33. Ka2 Qxd5 34. Rgd1 Bxc4+ 35. Rxc4 Qxc4+ 36. Qxc4 Rxc4 37. g5 Nd7 38. h5 gxh5 39. Nxh5 Rc3 40. Rd5 Nc5 0-1

[Event "Bethune op-B 23th"]
[Site "Bethune"]
[Date "2002.12.28"]
[Round "4"]
[White "Franek, Jan"]
[Black "Brunel, Michel"]
[Result "1-0"]
[WhiteElo "1680"]
[BlackElo "1410"]
[PlyCount "75"]
[EventDate "2002.12.26"]
[EventType "swiss"]
[EventRounds "7"]
[EventCountry "FRA"]
[SourceTitle "CBM 091 Extra"]
[Source "ChessBase"]
[SourceDate "2003.01.09"]
[SourceVersion "1"]
[SourceVersionDate "2003.01.09"]
[SourceQuality "1"]

1. d4 d5 2. c4 e6 3. Nc3 h6 4. cxd5 exd5 5. Bf4 c6 6. Qc2 Nf6 7. e3 Be6 8. Bd3 Nbd7 9. Nge2 Bb4 10. Bg3 Qe7 11. Nf4 0-0 12. 0-0 Bd6 13. Rfe1 Rfe8 14. Qd2 Qf8 15. f3 Rac8 16. e4 dxe4 17. fxe4 Bxf4 18. Bxf4 Nb6 19. e5 Nfd5 20. Ne4 Re7 21. Nd6 Rd8 22. Bg3 Nc8 23. Ne4 Red7 24. Nc5 Re7 25. Rf1 Kh8 26. Rae1 Ndb6 27. Nxe6 Rxe6 28. Bf5 Re7 29. e6 c5 30. Bf2 Nd6 31. Bh3 cxd4 32. Bxd4 f6 33. Qb4 Ndc8 34. Bc5 Nd5 35. Qa3 Qe8 36. Bxe7 Ndxe7 37. Rd1 Rxd1 38. Rxd1 1-0

[Event "Bethune op-B 23th"]
[Site "Bethune"]
[Date "2002.12.27"]
[Round "3"]
[White "Lemoine, Jean Pierre"]
[Black "Franek, Jan"]
[Result "0-1"]
[WhiteElo "1499"]
[BlackElo "1680"]
[PlyCount "170"]
[EventDate "2002.12.26"]
[EventType "swiss"]
[EventRounds "7"]
[EventCountry "FRA"]
[SourceTitle "CBM 091 Extra"]
[Source "ChessBase"]
[SourceDate "2003.01.09"]
[SourceVersion "1"]
[SourceVersionDate "2003.01.09"]
[SourceQuality "1"]

1. c4 e6 2. g3 Nf6 3. Bg2 c6 4. Nf3 d5 5. cxd5 exd5 6. d4 Be7 7. 0-0 Na6 8. Nc3 Bf5 9. Re1 0-0 10. Ne5 Ng4 11. e4 Nxe5 12. exf5 Nc4 13. a3 Nd6 14. Qg4 Bf6 15. b3 Qd7 16. Bh3 Rae8 17. Be3 Nc7 18. Ne2 Ncb5 19. Nf4 Re4 20. Bg2 Qxf5 21. Qxf5 Nxf5 22. Bxe4 dxe4 23. d5 cxd5 24. Nxd5 Bxa1 25. Rxa1 Rd8 26. Rd1 Kh8 27. Rc1 h6 28. Nf4 Rd7 29. a4 Nbd4 30. Kf1 Nxe3+ 31. fxe3 Nf3 32. h3 Nd2+ 33. Ke1 Nxb3 34. Rc4 Nd2 35. Rc2 Nf3+ 36. Kf2 Kh7 37. Ne2 Ng5 38. h4 Nf3 39. Rc4 f5 40. Nd4 Ne5 41. Rc2 Nd3+ 42. Ke2 g6 43. Ne6 Re7 44. Nd4 h5 45. Rc8 Ne5 46. Nb5 a6 47. Nc3 Rd7 48. Rc5 Ng4 49. Rc8 Nf6 50. Ke1 Kg7 51. Ke2 Kf7 52. Nd1 Nd5 53. a5 Rc7 54. Rd8 Ke6 55. Re8+ Kf7 56. Rd8 Ke6 57. Re8+ Kd6 58. Kd2 Rc5 59. Ra8 Ne7 60. Rb8 Rc7 61. Rd8+ Rd7 62. Rf8 Kc5+ 63. Ke1 Kb4 64. Rf6 Kxa5 65. Re6 b5 66. Nb2 Rc7 67. Kd2 Kb4 68. Rxa6 Kb3 69. Nd1 Rc2+ 70. Ke1 Rg2 71. Re6 Nd5 72. Rxg6 Nb4 73. Rg5 Nd3+ 74. Kf1 Rd2 75. Rxf5 Rxd1+ 76. Kg2 b4 77. Rxh5 Kc2 78. Rb5 Kd2 79. h5 Kxe3 80. h6 Rd2+ 81. Kh3 Rc2 82. g4 Kf3 83. g5 e3 84. Rf5+ Nf4+ 85. Kh4 Rh2# 0-1

[Event "Bethune-C"]
[Site "Bethune"]
[Date "2002.07.08"]
[Round "3.13"]
[White "Griffon, Olivier"]
[Black "Franek, Jan"]
[Result "1-0"]
[WhiteElo "1860"]
[BlackElo "1750"]
[PlyCount "61"]
[EventDate "2002.07.06"]
[EventType "tourn"]
[EventRounds "9"]
[EventCountry "FRA"]
[SourceTitle "EXT 2005"]
[Source "ChessBase"]
[SourceDate "2004.11.15"]
[SourceVersion "1"]
[SourceVersionDate "2004.11.15"]
[SourceQuality "1"]

1. d4 Nf6 2. Bg5 e6 3. e4 d6 4. Nc3 Be7 5. Qd2 0-0 6. 0-0-0 Nc6 7. f3 a6 8. g4 b5 9. Be3 Nd7 10. g5 Nb6 11. h4 b4 12. Nb1 a5 13. h5 e5 14. d5 Na7 15. Rh2 Bd7 16. Rg2 g6 17. Rh2 Nb5 18. Bd3 Na4 19. Ne2 Nc5 20. Rdh1 Nd4 21. Nxd4 exd4 22. Bxd4 Bxg5 23. f4 Bf6 24. e5 Nxd3+ 25. cxd3 dxe5 26. fxe5 Bg5 27. Be3 Bxe3 28. Qxe3 Bf5 29. hxg6 Bxg6 30. Rxh7 Qxd5 31. Rh8+ 1-0

[Event "Bethune-C"]
[Site "Bethune"]
[Date "2002.07.07"]
[Round "2.14"]
[White "Franek, Jan"]
[Black "Casier, Fabrice"]
[Result "1/2-1/2"]
[WhiteElo "1750"]
[BlackElo "1750"]
[PlyCount "75"]
[EventDate "2002.07.06"]
[EventType "tourn"]
[EventRounds "9"]
[EventCountry "FRA"]
[SourceTitle "EXT 2005"]
[Source "ChessBase"]
[SourceDate "2004.11.15"]
[SourceVersion "1"]
[SourceVersionDate "2004.11.15"]
[SourceQuality "1"]

1. d4 Nf6 2. Bf4 e6 3. Nf3 c5 4. e3 b6 5. Bd3 Bb7 6. Nbd2 Nc6 7. c3 Be7 8. Qe2 d5 9. h3 0-0 10. Ne5 c4 11. Bc2 Rc8 12. Ng4 Nd7 13. Nf3 f5 14. Nge5 Ncxe5 15. Bxe5 Nf6 16. Ng5 Qd7 17. f4 h6 18. Bxf6 Bxf6 19. h4 hxg5 20. hxg5 Bxg5 21. fxg5 Qf7 22. g3 Qg6 23. Qh5 Qxh5 24. Rxh5 g6 25. Rh6 Kg7 26. Ke2 Rh8 27. Rah1 Rxh6 28. Rxh6 Rh8 29. Rxh8 Kxh8 30. Kf3 Kg7 31. Kf4 Kf7 32. Ke5 Ke7 33. Bd1 Bc6 34. g4 Be8 35. gxf5 gxf5 36. Bf3 b5 37. a3 a6 38. Bd1 1/2-1/2

[Event "Bethune-C"]
[Site "Bethune"]
[Date "2001.??.??"]
[Round "?"]
[White "Sergent, Francois"]
[Black "Franek, Jan"]
[Result "1/2-1/2"]
[WhiteElo "1640"]
[BlackElo "1790"]
[PlyCount "44"]
[EventDate "2001.??.??"]
[EventType "tourn"]
[EventRounds "9"]
[EventCountry "FRA"]
[SourceTitle "EXT 2003"]
[Source "ChessBase"]
[SourceDate "2002.11.25"]
[SourceVersion "1"]
[SourceVersionDate "2002.11.25"]
[SourceQuality "1"]

1. e4 c6 2. d4 d5 3. e5 Na6 4. c3 Nc7 5. Bd3 g6 6. Qf3 Be6 7. Ne2 Qd7 8. h3 0-0-0 9. b4 Bf5 10. Nd2 Bxd3 11. Qxd3 Qf5 12. Qxf5+ gxf5 13. Nb3 h5 14. a4 Bh6 15. 0-0 Bxc1 16. Rfxc1 h4 17. Nc5 Rh6 18. Rab1 b6 19. Nd3 a6 20. a5 b5 21. Nc5 e6 22. Nf4 Ne7 1/2-1/2